International journal of tropical insect science (Record no. 120750)

MARC details
000 -LEADER
fixed length control field 01858cas a22004455a 4500
001 - CONTROL NUMBER
control field vtls003138939
003 - CONTROL NUMBER IDENTIFIER
control field MY-SjTCS
005 - DATE AND TIME OF LATEST TRANSACTION
control field 20200207095623.0
006 - FIXED-LENGTH DATA ELEMENTS--ADDITIONAL MATERIAL CHARACTERISTICS
fixed length control field m d ||||||
007 - PHYSICAL DESCRIPTION FIXED FIELD--GENERAL INFORMATION
fixed length control field cr anunnnuuuaa
008 - FIXED-LENGTH DATA ELEMENTS--GENERAL INFORMATION
fixed length control field 040908c20049999enkqr p 0 0eng d
022 ## - INTERNATIONAL STANDARD SERIAL NUMBER
International Standard Serial Number 1742-7584
035 ## - SYSTEM CONTROL NUMBER
System control number (EbpS)ebs49878970
039 #9 - LEVEL OF BIBLIOGRAPHIC CONTROL AND CODING DETAIL [OBSOLETE]
Level of rules in bibliographic description 201207270914
Level of effort used to assign nonsubject heading access points izani
-- 200812260855
-- VLOAD
050 14 - LIBRARY OF CONGRESS CALL NUMBER
Classification number SB818
Item number .I57
060 00 - NATIONAL LIBRARY OF MEDICINE CALL NUMBER
Classification number W1
Item number IN456W
070 0# - NATIONAL AGRICULTURAL LIBRARY CALL NUMBER
Classification number QL461
Item number .I57
245 00 - TITLE STATEMENT
Title International journal of tropical insect science
Medium [electronic resource].
260 ## - PUBLICATION, DISTRIBUTION, ETC.
Place of publication, distribution, etc. Wallingford, Oxfordshire, UK :
Name of publisher, distributor, etc. CABI Pub.,
Date of publication, distribution, etc. c2004-
310 ## - CURRENT PUBLICATION FREQUENCY
Current publication frequency Quarterly
362 0# - DATES OF PUBLICATION AND/OR SEQUENTIAL DESIGNATION
Dates of publication and/or sequential designation Vol. 24, no. 1 (Mar. 2004)-
500 ## - GENERAL NOTE
General note Title from cover.
500 ## - GENERAL NOTE
General note Latest issue consulted: Vol. 24, no. 4 (Dec. 2004).
500 ## - GENERAL NOTE
General note Academic Journal
529 ## -
-- TSLHHL
530 ## - ADDITIONAL PHYSICAL FORM AVAILABLE NOTE
Additional physical form available note Indexing and abstracting for print publication.
546 ## - LANGUAGE NOTE
Language note In English and French.
550 ## - ISSUING BODY NOTE
Issuing body note Published on behalf of ICIPE and AAIS.
650 #0 - SUBJECT ADDED ENTRY--TOPICAL TERM
Topical term or geographic name entry element Insect pests
Geographic subdivision Tropics
Form subdivision Periodicals.
650 #0 - SUBJECT ADDED ENTRY--TOPICAL TERM
Topical term or geographic name entry element Beneficial insects
Geographic subdivision Tropics
Form subdivision Periodicals.
650 #0 - SUBJECT ADDED ENTRY--TOPICAL TERM
Topical term or geographic name entry element Entomology
Geographic subdivision Tropics
Form subdivision Periodicals.
650 12 - SUBJECT ADDED ENTRY--TOPICAL TERM
Topical term or geographic name entry element Insects
Form subdivision Periodicals.
650 22 - SUBJECT ADDED ENTRY--TOPICAL TERM
Topical term or geographic name entry element Arthropods
Form subdivision Periodicals.
650 22 - SUBJECT ADDED ENTRY--TOPICAL TERM
Topical term or geographic name entry element Tropical Climate
Form subdivision Periodicals.
710 2# - ADDED ENTRY--CORPORATE NAME
Corporate name or jurisdiction name as entry element International Centre of Insect Physiology and Ecology.
710 2# - ADDED ENTRY--CORPORATE NAME
Corporate name or jurisdiction name as entry element African Association of Insect Scientists.
773 0# - HOST ITEM ENTRY
Title Academic Source Complete
Place, publisher, and date of publication Ipswich, MA : EBSCO Publishing, 1999-
780 00 - PRECEDING ENTRY
Title Insect science and its application
International Standard Serial Number 0191-9040
Record control number (DLC) 81642716
-- (OCoLC)4964979
856 40 - ELECTRONIC LOCATION AND ACCESS
Materials specified Abstracts Available: Mar 2007-
Public note Available on EBSCOhost.
Uniform Resource Identifier https://ezproxy.taylors.edu.my/login?url=https://search.ebscohost.com/direct.asp?db=a9h&jid=1WYF
Holdings
Withdrawn status Lost status Damaged status Not for loan Home library Current library Date acquired Total Checkouts Date last seen Price effective from Koha item type
      e-journal Taylor's Library-TU Taylor's Library-TU 10/12/2025   10/12/2025 10/12/2025 Journals